<?xml version="1.0" encoding="UTF-8"?>
<record
    xmlns:xsi="http://www.w3.org/2001/XMLSchema-instance"
    xsi:schemaLocation="http://www.loc.gov/MARC21/slim http://www.loc.gov/standards/marcxml/schema/MARC21slim.xsd"
    xmlns="http://www.loc.gov/MARC21/slim">

  <leader>00363    a2200169   4500</leader>
  <controlfield tag="001">183636</controlfield>
  <datafield tag="020" ind1=" " ind2=" ">
    <subfield code="a">85-00-51555-4</subfield>
  </datafield>
  <datafield tag="040" ind1=" " ind2=" ">
    <subfield code="c">Magnum</subfield>
  </datafield>
  <datafield tag="100" ind1=" " ind2=" ">
    <subfield code="a">Edmondson, Madeleine</subfield>
  </datafield>
  <datafield tag="240" ind1="1" ind2="0">
    <subfield code="a">O ovo da Bruxa</subfield>
    <subfield code="l">por</subfield>
  </datafield>
  <datafield tag="245" ind1="1" ind2="0">
    <subfield code="a">O ovo da Bruxa</subfield>
  </datafield>
  <datafield tag="300" ind1=" " ind2=" ">
    <subfield code="a">47</subfield>
  </datafield>
  <datafield tag="362" ind1="0" ind2=" ">
    <subfield code="a">1998</subfield>
  </datafield>
  <datafield tag="440" ind1=" " ind2="1">
    <subfield code="a">Ediouro</subfield>
  </datafield>
  <datafield tag="697" ind1=" " ind2=" ">
    <subfield code="a">LITERATURA JUVENIL ESTRANGEIRA</subfield>
  </datafield>
  <datafield tag="942" ind1=" " ind2=" ">
    <subfield code="c">BK</subfield>
  </datafield>
  <datafield tag="952" ind1=" " ind2=" ">
    <subfield code="0">0</subfield>
    <subfield code="1">0</subfield>
    <subfield code="4">0</subfield>
    <subfield code="7">0</subfield>
    <subfield code="a">32.5</subfield>
    <subfield code="b">32.5</subfield>
    <subfield code="d">2024-06-08</subfield>
    <subfield code="l">0</subfield>
    <subfield code="o">890.4.13</subfield>
    <subfield code="p">MAG00040077</subfield>
    <subfield code="r">2024-06-08 21:00:11</subfield>
    <subfield code="w">2024-06-08</subfield>
    <subfield code="y">BK</subfield>
  </datafield>
  <datafield tag="952" ind1=" " ind2=" ">
    <subfield code="0">0</subfield>
    <subfield code="1">0</subfield>
    <subfield code="4">0</subfield>
    <subfield code="7">0</subfield>
    <subfield code="a">32.5</subfield>
    <subfield code="b">32.5</subfield>
    <subfield code="d">2024-06-08</subfield>
    <subfield code="l">0</subfield>
    <subfield code="o">890.4.13</subfield>
    <subfield code="p">MAG00040078</subfield>
    <subfield code="r">2024-06-08 21:00:11</subfield>
    <subfield code="w">2024-06-08</subfield>
    <subfield code="y">BK</subfield>
  </datafield>
  <datafield tag="952" ind1=" " ind2=" ">
    <subfield code="0">0</subfield>
    <subfield code="1">0</subfield>
    <subfield code="4">0</subfield>
    <subfield code="7">0</subfield>
    <subfield code="a">32.5</subfield>
    <subfield code="b">32.5</subfield>
    <subfield code="d">2024-06-08</subfield>
    <subfield code="l">0</subfield>
    <subfield code="o">890.4.13</subfield>
    <subfield code="p">MAG00040079</subfield>
    <subfield code="r">2024-06-08 21:00:11</subfield>
    <subfield code="w">2024-06-08</subfield>
    <subfield code="y">BK</subfield>
  </datafield>
  <datafield tag="952" ind1=" " ind2=" ">
    <subfield code="0">0</subfield>
    <subfield code="1">0</subfield>
    <subfield code="4">0</subfield>
    <subfield code="7">0</subfield>
    <subfield code="a">32.5</subfield>
    <subfield code="b">32.5</subfield>
    <subfield code="d">2024-06-08</subfield>
    <subfield code="l">0</subfield>
    <subfield code="o">890.4.13</subfield>
    <subfield code="p">MAG00040080</subfield>
    <subfield code="r">2024-06-08 21:00:11</subfield>
    <subfield code="w">2024-06-08</subfield>
    <subfield code="y">BK</subfield>
  </datafield>
  <datafield tag="952" ind1=" " ind2=" ">
    <subfield code="0">0</subfield>
    <subfield code="1">0</subfield>
    <subfield code="4">0</subfield>
    <subfield code="7">0</subfield>
    <subfield code="a">32.5</subfield>
    <subfield code="b">32.5</subfield>
    <subfield code="d">2024-06-08</subfield>
    <subfield code="l">0</subfield>
    <subfield code="o">890.4.13</subfield>
    <subfield code="p">MAG00040081</subfield>
    <subfield code="r">2024-06-08 21:00:11</subfield>
    <subfield code="w">2024-06-08</subfield>
    <subfield code="y">BK</subfield>
  </datafield>
  <datafield tag="952" ind1=" " ind2=" ">
    <subfield code="0">0</subfield>
    <subfield code="1">0</subfield>
    <subfield code="4">0</subfield>
    <subfield code="7">0</subfield>
    <subfield code="a">32.5</subfield>
    <subfield code="b">32.5</subfield>
    <subfield code="d">2024-06-08</subfield>
    <subfield code="l">0</subfield>
    <subfield code="o">890.4.13</subfield>
    <subfield code="p">MAG00040082</subfield>
    <subfield code="r">2024-06-08 21:00:11</subfield>
    <subfield code="w">2024-06-08</subfield>
    <subfield code="y">BK</subfield>
  </datafield>
  <datafield tag="952" ind1=" " ind2=" ">
    <subfield code="0">0</subfield>
    <subfield code="1">0</subfield>
    <subfield code="4">0</subfield>
    <subfield code="7">0</subfield>
    <subfield code="a">32.5</subfield>
    <subfield code="b">32.5</subfield>
    <subfield code="d">2024-06-08</subfield>
    <subfield code="l">0</subfield>
    <subfield code="o">890.4.13</subfield>
    <subfield code="p">MAG00040083</subfield>
    <subfield code="r">2024-06-08 21:00:11</subfield>
    <subfield code="w">2024-06-08</subfield>
    <subfield code="y">BK</subfield>
  </datafield>
  <datafield tag="952" ind1=" " ind2=" ">
    <subfield code="0">0</subfield>
    <subfield code="1">0</subfield>
    <subfield code="4">0</subfield>
    <subfield code="7">0</subfield>
    <subfield code="a">32.5</subfield>
    <subfield code="b">32.5</subfield>
    <subfield code="d">2024-06-08</subfield>
    <subfield code="l">0</subfield>
    <subfield code="o">890.4.13</subfield>
    <subfield code="p">MAG00040084</subfield>
    <subfield code="r">2024-06-08 21:00:11</subfield>
    <subfield code="w">2024-06-08</subfield>
    <subfield code="y">BK</subfield>
  </datafield>
  <datafield tag="952" ind1=" " ind2=" ">
    <subfield code="0">0</subfield>
    <subfield code="1">0</subfield>
    <subfield code="4">0</subfield>
    <subfield code="7">0</subfield>
    <subfield code="a">32.5</subfield>
    <subfield code="b">32.5</subfield>
    <subfield code="d">2024-06-08</subfield>
    <subfield code="l">0</subfield>
    <subfield code="o">890.4.13</subfield>
    <subfield code="p">MAG00040085</subfield>
    <subfield code="r">2024-06-08 21:00:12</subfield>
    <subfield code="w">2024-06-08</subfield>
    <subfield code="y">BK</subfield>
  </datafield>
  <datafield tag="952" ind1=" " ind2=" ">
    <subfield code="0">0</subfield>
    <subfield code="1">0</subfield>
    <subfield code="4">0</subfield>
    <subfield code="7">0</subfield>
    <subfield code="a">32.5</subfield>
    <subfield code="b">32.5</subfield>
    <subfield code="d">2024-06-08</subfield>
    <subfield code="l">0</subfield>
    <subfield code="o">890.4.13</subfield>
    <subfield code="p">MAG00040086</subfield>
    <subfield code="r">2024-06-08 21:00:12</subfield>
    <subfield code="w">2024-06-08</subfield>
    <subfield code="y">BK</subfield>
  </datafield>
  <datafield tag="952" ind1=" " ind2=" ">
    <subfield code="0">0</subfield>
    <subfield code="1">0</subfield>
    <subfield code="4">0</subfield>
    <subfield code="7">0</subfield>
    <subfield code="a">32.5</subfield>
    <subfield code="b">32.5</subfield>
    <subfield code="d">2024-06-08</subfield>
    <subfield code="l">0</subfield>
    <subfield code="o">890.4.13</subfield>
    <subfield code="p">MAG00040087</subfield>
    <subfield code="r">2024-06-08 21:00:12</subfield>
    <subfield code="w">2024-06-08</subfield>
    <subfield code="y">BK</subfield>
  </datafield>
  <datafield tag="952" ind1=" " ind2=" ">
    <subfield code="0">0</subfield>
    <subfield code="1">0</subfield>
    <subfield code="4">0</subfield>
    <subfield code="7">0</subfield>
    <subfield code="a">32.5</subfield>
    <subfield code="b">32.5</subfield>
    <subfield code="d">2024-06-08</subfield>
    <subfield code="l">0</subfield>
    <subfield code="o">890.4.13</subfield>
    <subfield code="p">MAG00040088</subfield>
    <subfield code="r">2024-06-08 21:00:12</subfield>
    <subfield code="w">2024-06-08</subfield>
    <subfield code="y">BK</subfield>
  </datafield>
  <datafield tag="952" ind1=" " ind2=" ">
    <subfield code="0">0</subfield>
    <subfield code="1">0</subfield>
    <subfield code="4">0</subfield>
    <subfield code="7">0</subfield>
    <subfield code="a">32.5</subfield>
    <subfield code="b">32.5</subfield>
    <subfield code="d">2024-06-08</subfield>
    <subfield code="l">0</subfield>
    <subfield code="o">890.4.13</subfield>
    <subfield code="p">MAG00040089</subfield>
    <subfield code="r">2024-06-08 21:00:12</subfield>
    <subfield code="w">2024-06-08</subfield>
    <subfield code="y">BK</subfield>
  </datafield>
  <datafield tag="952" ind1=" " ind2=" ">
    <subfield code="0">0</subfield>
    <subfield code="1">0</subfield>
    <subfield code="4">0</subfield>
    <subfield code="7">0</subfield>
    <subfield code="a">32.5</subfield>
    <subfield code="b">32.5</subfield>
    <subfield code="d">2024-06-08</subfield>
    <subfield code="l">0</subfield>
    <subfield code="o">890.4.13</subfield>
    <subfield code="p">MAG00040090</subfield>
    <subfield code="r">2024-06-08 21:00:12</subfield>
    <subfield code="w">2024-06-08</subfield>
    <subfield code="y">BK</subfield>
  </datafield>
  <datafield tag="952" ind1=" " ind2=" ">
    <subfield code="0">0</subfield>
    <subfield code="1">0</subfield>
    <subfield code="4">0</subfield>
    <subfield code="7">0</subfield>
    <subfield code="a">32.5</subfield>
    <subfield code="b">32.5</subfield>
    <subfield code="d">2024-06-08</subfield>
    <subfield code="l">0</subfield>
    <subfield code="o">890.4.13</subfield>
    <subfield code="p">MAG00040091</subfield>
    <subfield code="r">2024-06-08 21:00:12</subfield>
    <subfield code="w">2024-06-08</subfield>
    <subfield code="y">BK</subfield>
  </datafield>
  <datafield tag="952" ind1=" " ind2=" ">
    <subfield code="0">0</subfield>
    <subfield code="1">0</subfield>
    <subfield code="4">0</subfield>
    <subfield code="7">0</subfield>
    <subfield code="a">32.5</subfield>
    <subfield code="b">32.5</subfield>
    <subfield code="d">2024-06-08</subfield>
    <subfield code="l">0</subfield>
    <subfield code="o">890.4.13</subfield>
    <subfield code="p">MAG00040092</subfield>
    <subfield code="r">2024-06-08 21:00:12</subfield>
    <subfield code="w">2024-06-08</subfield>
    <subfield code="y">BK</subfield>
  </datafield>
  <datafield tag="952" ind1=" " ind2=" ">
    <subfield code="0">0</subfield>
    <subfield code="1">0</subfield>
    <subfield code="4">0</subfield>
    <subfield code="7">0</subfield>
    <subfield code="a">32.5</subfield>
    <subfield code="b">32.5</subfield>
    <subfield code="d">2024-06-08</subfield>
    <subfield code="l">0</subfield>
    <subfield code="o">890.4.13</subfield>
    <subfield code="p">MAG00040093</subfield>
    <subfield code="r">2024-06-08 21:00:12</subfield>
    <subfield code="w">2024-06-08</subfield>
    <subfield code="y">BK</subfield>
  </datafield>
  <datafield tag="952" ind1=" " ind2=" ">
    <subfield code="0">0</subfield>
    <subfield code="1">0</subfield>
    <subfield code="4">0</subfield>
    <subfield code="7">0</subfield>
    <subfield code="a">32.5</subfield>
    <subfield code="b">32.5</subfield>
    <subfield code="d">2024-06-08</subfield>
    <subfield code="l">0</subfield>
    <subfield code="o">890.4.13</subfield>
    <subfield code="p">MAG00040094</subfield>
    <subfield code="r">2024-06-08 21:00:12</subfield>
    <subfield code="w">2024-06-08</subfield>
    <subfield code="y">BK</subfield>
  </datafield>
  <datafield tag="952" ind1=" " ind2=" ">
    <subfield code="0">0</subfield>
    <subfield code="1">0</subfield>
    <subfield code="4">0</subfield>
    <subfield code="7">0</subfield>
    <subfield code="a">32.5</subfield>
    <subfield code="b">32.5</subfield>
    <subfield code="d">2024-06-08</subfield>
    <subfield code="l">0</subfield>
    <subfield code="o">890.4.13</subfield>
    <subfield code="p">MAG00040095</subfield>
    <subfield code="r">2024-06-08 21:00:12</subfield>
    <subfield code="w">2024-06-08</subfield>
    <subfield code="y">BK</subfield>
  </datafield>
  <datafield tag="952" ind1=" " ind2=" ">
    <subfield code="0">0</subfield>
    <subfield code="1">0</subfield>
    <subfield code="4">0</subfield>
    <subfield code="7">0</subfield>
    <subfield code="a">32.5</subfield>
    <subfield code="b">32.5</subfield>
    <subfield code="d">2024-06-08</subfield>
    <subfield code="l">0</subfield>
    <subfield code="o">890.4.13</subfield>
    <subfield code="p">MAG00040096</subfield>
    <subfield code="r">2024-06-08 21:00:12</subfield>
    <subfield code="w">2024-06-08</subfield>
    <subfield code="y">BK</subfield>
  </datafield>
  <datafield tag="952" ind1=" " ind2=" ">
    <subfield code="0">0</subfield>
    <subfield code="1">0</subfield>
    <subfield code="4">0</subfield>
    <subfield code="7">0</subfield>
    <subfield code="a">32.5</subfield>
    <subfield code="b">32.5</subfield>
    <subfield code="d">2024-06-08</subfield>
    <subfield code="l">0</subfield>
    <subfield code="o">890.4.13</subfield>
    <subfield code="p">MAG00040097</subfield>
    <subfield code="r">2024-06-08 21:00:12</subfield>
    <subfield code="w">2024-06-08</subfield>
    <subfield code="y">BK</subfield>
  </datafield>
  <datafield tag="952" ind1=" " ind2=" ">
    <subfield code="0">0</subfield>
    <subfield code="1">0</subfield>
    <subfield code="4">0</subfield>
    <subfield code="7">0</subfield>
    <subfield code="a">32.5</subfield>
    <subfield code="b">32.5</subfield>
    <subfield code="d">2024-06-08</subfield>
    <subfield code="l">0</subfield>
    <subfield code="o">890.4.13</subfield>
    <subfield code="p">MAG00040098</subfield>
    <subfield code="r">2024-06-08 21:00:12</subfield>
    <subfield code="w">2024-06-08</subfield>
    <subfield code="y">BK</subfield>
  </datafield>
  <datafield tag="952" ind1=" " ind2=" ">
    <subfield code="0">0</subfield>
    <subfield code="1">0</subfield>
    <subfield code="4">0</subfield>
    <subfield code="7">0</subfield>
    <subfield code="a">32.5</subfield>
    <subfield code="b">32.5</subfield>
    <subfield code="d">2024-06-08</subfield>
    <subfield code="l">0</subfield>
    <subfield code="o">890.4.13</subfield>
    <subfield code="p">MAG00040099</subfield>
    <subfield code="r">2024-06-08 21:00:12</subfield>
    <subfield code="w">2024-06-08</subfield>
    <subfield code="y">BK</subfield>
  </datafield>
  <datafield tag="952" ind1=" " ind2=" ">
    <subfield code="0">0</subfield>
    <subfield code="1">0</subfield>
    <subfield code="4">0</subfield>
    <subfield code="7">0</subfield>
    <subfield code="a">32.5</subfield>
    <subfield code="b">32.5</subfield>
    <subfield code="d">2024-06-08</subfield>
    <subfield code="l">0</subfield>
    <subfield code="o">890.4.13</subfield>
    <subfield code="p">MAG00040100</subfield>
    <subfield code="r">2024-06-08 21:00:12</subfield>
    <subfield code="w">2024-06-08</subfield>
    <subfield code="y">BK</subfield>
  </datafield>
  <datafield tag="952" ind1=" " ind2=" ">
    <subfield code="0">0</subfield>
    <subfield code="1">0</subfield>
    <subfield code="4">0</subfield>
    <subfield code="7">0</subfield>
    <subfield code="a">32.5</subfield>
    <subfield code="b">32.5</subfield>
    <subfield code="d">2024-06-08</subfield>
    <subfield code="l">0</subfield>
    <subfield code="o">890.4.13</subfield>
    <subfield code="p">MAG00040101</subfield>
    <subfield code="r">2024-06-08 21:00:12</subfield>
    <subfield code="w">2024-06-08</subfield>
    <subfield code="y">BK</subfield>
  </datafield>
  <datafield tag="952" ind1=" " ind2=" ">
    <subfield code="0">0</subfield>
    <subfield code="1">0</subfield>
    <subfield code="4">0</subfield>
    <subfield code="7">0</subfield>
    <subfield code="a">32.5</subfield>
    <subfield code="b">32.5</subfield>
    <subfield code="d">2024-06-08</subfield>
    <subfield code="l">0</subfield>
    <subfield code="o">890.4.13</subfield>
    <subfield code="p">MAG00040102</subfield>
    <subfield code="r">2024-06-08 21:00:12</subfield>
    <subfield code="w">2024-06-08</subfield>
    <subfield code="y">BK</subfield>
  </datafield>
  <datafield tag="952" ind1=" " ind2=" ">
    <subfield code="0">0</subfield>
    <subfield code="1">0</subfield>
    <subfield code="4">0</subfield>
    <subfield code="7">0</subfield>
    <subfield code="a">32.5</subfield>
    <subfield code="b">32.5</subfield>
    <subfield code="d">2024-06-08</subfield>
    <subfield code="l">0</subfield>
    <subfield code="o">890.4.13</subfield>
    <subfield code="p">MAG00040103</subfield>
    <subfield code="r">2024-06-08 21:00:12</subfield>
    <subfield code="w">2024-06-08</subfield>
    <subfield code="y">BK</subfield>
  </datafield>
  <datafield tag="952" ind1=" " ind2=" ">
    <subfield code="0">0</subfield>
    <subfield code="1">0</subfield>
    <subfield code="4">0</subfield>
    <subfield code="7">0</subfield>
    <subfield code="a">32.5</subfield>
    <subfield code="b">32.5</subfield>
    <subfield code="d">2024-06-08</subfield>
    <subfield code="l">0</subfield>
    <subfield code="o">890.4.13</subfield>
    <subfield code="p">MAG00040104</subfield>
    <subfield code="r">2024-06-08 21:00:12</subfield>
    <subfield code="w">2024-06-08</subfield>
    <subfield code="y">BK</subfield>
  </datafield>
  <datafield tag="952" ind1=" " ind2=" ">
    <subfield code="0">0</subfield>
    <subfield code="1">0</subfield>
    <subfield code="4">0</subfield>
    <subfield code="7">0</subfield>
    <subfield code="a">32.5</subfield>
    <subfield code="b">32.5</subfield>
    <subfield code="d">2024-06-08</subfield>
    <subfield code="l">0</subfield>
    <subfield code="o">890.4.13</subfield>
    <subfield code="p">MAG00040105</subfield>
    <subfield code="r">2024-06-08 21:00:12</subfield>
    <subfield code="w">2024-06-08</subfield>
    <subfield code="y">BK</subfield>
  </datafield>
  <datafield tag="952" ind1=" " ind2=" ">
    <subfield code="0">0</subfield>
    <subfield code="1">0</subfield>
    <subfield code="4">0</subfield>
    <subfield code="7">0</subfield>
    <subfield code="a">32.5</subfield>
    <subfield code="b">32.5</subfield>
    <subfield code="d">2024-06-08</subfield>
    <subfield code="l">0</subfield>
    <subfield code="o">890.4.13</subfield>
    <subfield code="p">MAG00040106</subfield>
    <subfield code="r">2024-06-08 21:00:12</subfield>
    <subfield code="w">2024-06-08</subfield>
    <subfield code="y">BK</subfield>
  </datafield>
  <datafield tag="952" ind1=" " ind2=" ">
    <subfield code="0">0</subfield>
    <subfield code="1">0</subfield>
    <subfield code="4">0</subfield>
    <subfield code="7">0</subfield>
    <subfield code="a">32.5</subfield>
    <subfield code="b">32.5</subfield>
    <subfield code="d">2024-06-08</subfield>
    <subfield code="l">0</subfield>
    <subfield code="o">890.4.13</subfield>
    <subfield code="p">MAG00040107</subfield>
    <subfield code="r">2024-06-08 21:00:12</subfield>
    <subfield code="w">2024-06-08</subfield>
    <subfield code="y">BK</subfield>
  </datafield>
  <datafield tag="952" ind1=" " ind2=" ">
    <subfield code="0">0</subfield>
    <subfield code="1">0</subfield>
    <subfield code="4">0</subfield>
    <subfield code="7">0</subfield>
    <subfield code="a">32.5</subfield>
    <subfield code="b">32.5</subfield>
    <subfield code="d">2024-06-08</subfield>
    <subfield code="l">0</subfield>
    <subfield code="o">890.4.13</subfield>
    <subfield code="p">MAG00040108</subfield>
    <subfield code="r">2024-06-08 21:00:12</subfield>
    <subfield code="w">2024-06-08</subfield>
    <subfield code="y">BK</subfield>
  </datafield>
  <datafield tag="952" ind1=" " ind2=" ">
    <subfield code="0">0</subfield>
    <subfield code="1">0</subfield>
    <subfield code="4">0</subfield>
    <subfield code="7">0</subfield>
    <subfield code="a">32.5</subfield>
    <subfield code="b">32.5</subfield>
    <subfield code="d">2024-06-08</subfield>
    <subfield code="l">0</subfield>
    <subfield code="o">890.4.13</subfield>
    <subfield code="p">MAG00040109</subfield>
    <subfield code="r">2024-06-08 21:00:12</subfield>
    <subfield code="w">2024-06-08</subfield>
    <subfield code="y">BK</subfield>
  </datafield>
  <datafield tag="952" ind1=" " ind2=" ">
    <subfield code="0">0</subfield>
    <subfield code="1">0</subfield>
    <subfield code="4">0</subfield>
    <subfield code="7">0</subfield>
    <subfield code="a">32.5</subfield>
    <subfield code="b">32.5</subfield>
    <subfield code="d">2024-06-08</subfield>
    <subfield code="l">0</subfield>
    <subfield code="o">890.4.13</subfield>
    <subfield code="p">MAG00040110</subfield>
    <subfield code="r">2024-06-08 21:00:12</subfield>
    <subfield code="w">2024-06-08</subfield>
    <subfield code="y">BK</subfield>
  </datafield>
  <datafield tag="952" ind1=" " ind2=" ">
    <subfield code="0">0</subfield>
    <subfield code="1">0</subfield>
    <subfield code="4">0</subfield>
    <subfield code="7">0</subfield>
    <subfield code="a">32.5</subfield>
    <subfield code="b">32.5</subfield>
    <subfield code="d">2024-06-08</subfield>
    <subfield code="l">0</subfield>
    <subfield code="o">890.4.13</subfield>
    <subfield code="p">MAG00040111</subfield>
    <subfield code="r">2024-06-08 21:00:12</subfield>
    <subfield code="w">2024-06-08</subfield>
    <subfield code="y">BK</subfield>
  </datafield>
  <datafield tag="952" ind1=" " ind2=" ">
    <subfield code="0">0</subfield>
    <subfield code="1">0</subfield>
    <subfield code="4">0</subfield>
    <subfield code="7">0</subfield>
    <subfield code="a">32.5</subfield>
    <subfield code="b">32.5</subfield>
    <subfield code="d">2024-06-08</subfield>
    <subfield code="l">0</subfield>
    <subfield code="o">890.4.13</subfield>
    <subfield code="p">MAG00040112</subfield>
    <subfield code="r">2024-06-08 21:00:13</subfield>
    <subfield code="w">2024-06-08</subfield>
    <subfield code="y">BK</subfield>
  </datafield>
  <datafield tag="952" ind1=" " ind2=" ">
    <subfield code="0">0</subfield>
    <subfield code="1">0</subfield>
    <subfield code="4">0</subfield>
    <subfield code="7">0</subfield>
    <subfield code="a">32.5</subfield>
    <subfield code="b">32.5</subfield>
    <subfield code="d">2024-06-08</subfield>
    <subfield code="l">0</subfield>
    <subfield code="o">890.4.13</subfield>
    <subfield code="p">MAG00040113</subfield>
    <subfield code="r">2024-06-08 21:00:13</subfield>
    <subfield code="w">2024-06-08</subfield>
    <subfield code="y">BK</subfield>
  </datafield>
  <datafield tag="952" ind1=" " ind2=" ">
    <subfield code="0">0</subfield>
    <subfield code="1">0</subfield>
    <subfield code="4">0</subfield>
    <subfield code="7">0</subfield>
    <subfield code="a">32.5</subfield>
    <subfield code="b">32.5</subfield>
    <subfield code="d">2024-06-08</subfield>
    <subfield code="l">0</subfield>
    <subfield code="o">890.4.13</subfield>
    <subfield code="p">MAG00040114</subfield>
    <subfield code="r">2024-06-08 21:00:13</subfield>
    <subfield code="w">2024-06-08</subfield>
    <subfield code="y">BK</subfield>
  </datafield>
  <datafield tag="999" ind1=" " ind2=" ">
    <subfield code="c">183636</subfield>
    <subfield code="d">183636</subfield>
  </datafield>
</record>
